|
|
|
|
| LEADER |
00000cam a2200000 7i4500 |
| 001 |
0000007417 |
| 005 |
20060911093000.0 |
| 020 |
|
|
|a 3721203194
|
| 090 |
0 |
0 |
|a NK1520
|b .O45 1997
|
| 100 |
0 |
|
|a Olpe, Peter ,
|e author
|
| 245 |
1 |
0 |
|a Zeichnen und Entwerfen :
|b Kurse, Themen und Projekte an der Schule fur Gestaltung Basel
|c Peter Olpe
|f mit Beitragen aus den Kursen von Angelika von Arx ... [et al.] .
|l Drawing as design process :
|b courses, themes and projects at the Basel School of Design
|c Peter Olpe
|f with works from their courses contributed by Angelika von Arx ... [et al.]
|
| 260 |
2 |
|
|a [Basel] :
|b Verlag Niggli AG ,
|c c1997
|
| 300 |
|
|
|a 247 p. :
|b ill. (some col.) ;
|c 26 cm.
|
| 500 |
|
|
|a German and English
|
| 504 |
|
|
|a Includes bibliographical references
|
| 610 |
2 |
0 |
|a Schule fur Gestaltung Basel
|
| 650 |
|
0 |
|a Design
|x Methodology
|
| 650 |
|
0 |
|a Design
|x Study and teaching
|
| 650 |
|
0 |
|a Drawing, Psychology of
|
| 700 |
1 |
|
|a Arx, Angelika von ,
|e author
|
| 710 |
2 |
1 |
|a Schule fur Gestaltung Basel
|
| 745 |
0 |
0 |
|a Drawing as design process
|
| 999 |
|
|
|a 1000105707
|b Book
|c OPEN SHELF (30 DAYS)
|e Gong Badak Campus
|